Contraceptive use and fertility in Costa Rica, 1986 /

El usa de métodos anticonceptivos y la fertilidad en Costa Rica, son los temas básicos de este artículo. Según este estudio los niveles de prevalencia anticonceptiva son más altos en Costa Rica que en muchos países de América Latina. Casi un 70 por ciento de las mujeres casadas usan algún método. As...

Descrizione completa

Salvato in:
Dettagli Bibliografici
Autore principale: Oberle, Mark W.
Altri autori: Sosa, Doris, Madrigal Pana, Johnny, Becker, Stan, Morris, Leo, Rosero-Bixby, Luis
Natura: Libro
Lingua:Spanish
Soggetti:
Tags: Aggiungi Tag
Nessun Tag, puoi essere il primo ad aggiungerne!!

MARC

LEADER 00000nam a22000007a 4500
003 cru CIDCACS/IIS
005 20230309113429.0
008 200422s1988 nyu|||p|r||||||0| ||spa|d
040 |c cru CIDCACS/IIS 
100 1 |9 9342  |a Oberle, Mark W. 
245 1 |a Contraceptive use and fertility in Costa Rica, 1986 /  |c Mark W. Oberle, Doris Sosa, Johnny Madrigal Pana, Stan Becker, Leo Morris, Luis Rosero Bixby 
300 |a páginas 103-108 
500 |a Colección Centroamérica 
520 |a El usa de métodos anticonceptivos y la fertilidad en Costa Rica, son los temas básicos de este artículo. Según este estudio los niveles de prevalencia anticonceptiva son más altos en Costa Rica que en muchos países de América Latina. Casi un 70 por ciento de las mujeres casadas usan algún método. Asimismo son muy reducidas las diferencias en uso por nivel educacional y por áreas urbanas y rurales. La investigación demuestra que hubo para 1986 una caída en el uso de la píldora y un incremento en el uso del preservativo y del ritmo. El aumento de la fertilidad parece paradójico en dicho contexto, sin embargo el uso de métodos "mixtos", y el descenso de uso de la píldora y esterilización explican el fenómeno. Otro tema abordado es la actividad sexual entre los jóvenes adultos costarricenses. AB/JM 
650 7 |9 9343  |a ANTICONCEPCION 
650 7 |9 9344  |a ANTICONCEPTIVOS 
650 0 |9 3555  |a PRESERVATIVOS  
650 7 |9 9345  |a REGULACION DE LA NATALIDAD 
650 0 |9 6422  |a FECUNDIDAD 
650 4 |9 9254  |a METODOS ANTICONCEPTIVOS 
651 0 |9 32  |a COSTA RICA 
700 1 |9 9346  |a Sosa, Doris 
700 1 |9 9347  |a Madrigal Pana, Johnny 
700 1 |9 9348  |a Becker, Stan 
700 1 |9 9257  |a Morris, Leo 
700 1 |9 4584  |a Rosero-Bixby, Luis 
773 0 |0 43097  |9 4655  |a The Alan Gultmacher Institute  |d New York: The Alan Gultmacher Institute, 1975-  |o 22764  |t International Family Planning Perspectives/  |x 01622749 
942 |2 ddc  |c PP 
999 |c 43181  |d 43181